[Event "Commonwealth-ch"]
[Site "New Delhi"]
[Date "2007.12.06"]
[Round "6"]
[White "Dahale, Atul"]
[Black "Balasubramaniun, Ramanatha"]
[Result "1-0"]
[WhiteElo "2065"]
[BlackElo "2266"]
[PlyCount "89"]
[EventDate "2007.12.03"]
[EventType "swiss"]
[EventRounds "10"]
[EventCountry "IND"]
[SourceTitle "CBM 121 Extra"]
[Source "ChessBase"]
[SourceDate "2008.01.10"]
[SourceVersion "1"]
[SourceVersionDate "2008.01.10"]
[SourceQuality "1"]

1. d4 d5 2. c4 e6 3. Nc3 Nf6 4. Bg5 Be7 5. Nf3 Nbd7 6. e3 h6 7. Bh4 c6 8. Qc2 0-0 9. Be2 b6 10. cxd5 exd5 11. 0-0 Bb7 12. Rac1 Re8 13. Bg3 Nf8 14. Ne5 Bd6 15. f4 Qe7 16. Bh4 Rac8 17. Bd3 Qd8 18. Kh1 Be7 19. g4 N6d7 20. Bg3 c5 21. Qf2 Bd6 22. h4 Qe7 23. Rce1 Nf6 24. Qf3 Ne4 25. Nxe4 dxe4 26. Bxe4 Bxe4 27. Qxe4 c4 28. Qf3 b5 29. g5 f6 30. Qd5+ Qe6 31. Qxe6+ Nxe6 32. gxf6 gxf6 33. Ng4 Kg7 34. h5 f5 35. Ne5 b4 36. Bh4 c3 37. Rg1+ Kh7 38. bxc3 bxc3 39. Nd7 Be7 40. Bxe7 Rxe7 41. Nf6+ Kh8 42. d5 Nc5 43. Rg6 Rf8 44. Rxh6+ Kg7 45. Rg1+ 1-0

[Event "IND-chB 45th"]
[Site "Dindigul"]
[Date "2007.06.13"]
[Round "4"]
[White "Kamble, Vikramaditya"]
[Black "Balasubramaniun, Ramanatha"]
[Result "1/2-1/2"]
[WhiteElo "2339"]
[BlackElo "2282"]
[PlyCount "88"]
[EventDate "2007.06.11"]
[EventType "swiss"]
[EventRounds "12"]
[EventCountry "IND"]
[SourceTitle "CBM 119 Extra"]
[Source "ChessBase"]
[SourceDate "2007.09.04"]
[SourceVersion "1"]
[SourceVersionDate "2007.09.04"]
[SourceQuality "1"]

1. d4 d5 2. c4 e6 3. Nc3 Nf6 4. cxd5 exd5 5. Bg5 c6 6. Qc2 Be7 7. e3 Nbd7 8. Bd3 0-0 9. Nf3 Re8 10. 0-0 Nf8 11. Rae1 Ne4 12. Bxe7 Qxe7 13. Bxe4 dxe4 14. Nd2 f5 15. f3 exf3 16. Nxf3 Be6 17. e4 fxe4 18. Rxe4 h6 19. Rfe1 Qd6 20. Qf2 Nd7 21. Qe2 Bf7 22. Ne5 Nxe5 23. dxe5 Qc5+ 24. Kh1 Be6 25. Rd1 Rad8 26. Rxd8 Rxd8 27. Rf4 b5 28. h3 b4 29. Na4 Qc1+ 30. Rf1 Qg5 31. Nc5 Rd2 32. Nxe6 Rxe2 33. Rf8+ Kh7 34. Nxg5+ hxg5 35. Ra8 Rxb2 36. Rxa7 c5 37. Kh2 c4 38. Rc7 c3 39. a3 bxa3 40. Rxc3 a2 41. Ra3 Kg6 42. Ra6+ Kf5 43. e6 Kf6 44. Kg3 Rc2 1/2-1/2

[Event "IND-chB 45th"]
[Site "Dindigul"]
[Date "2007.06.12"]
[Round "3"]
[White "Balasubramaniun, Ramanatha"]
[Black "Mehar, Chinna Reddy CH"]
[Result "1-0"]
[WhiteElo "2282"]
[BlackElo "2145"]
[PlyCount "139"]
[EventDate "2007.06.11"]
[EventType "swiss"]
[EventRounds "12"]
[EventCountry "IND"]
[SourceTitle "CBM 119 Extra"]
[Source "ChessBase"]
[SourceDate "2007.09.04"]
[SourceVersion "1"]
[SourceVersionDate "2007.09.04"]
[SourceQuality "1"]

1. Nf3 d5 2. g3 Bg4 3. Bg2 Nd7 4. d3 Ngf6 5. Nbd2 c6 6. 0-0 e6 7. e4 Be7 8. b3 0-0 9. Bb2 Qc7 10. Qe1 dxe4 11. dxe4 Rfe8 12. Nc4 Bxf3 13. Bxf3 e5 14. Rd1 Rad8 15. Bg2 b5 16. Ne3 Nc5 17. Nf5 Bf8 18. Rxd8 Rxd8 19. Qa1 Ncxe4 20. Bxe5 Qd7 21. Ne3 Qe6 22. Bxf6 Nxf6 23. Rd1 Rd7 24. Rxd7 Qxd7 25. Qc3 c5 26. Bf3 Qc7 27. Be2 b4 28. Qd3 Qd6 29. Nc4 Qxd3 30. Bxd3 Nd5 31. a4 Nb6 32. Na5 c4 33. Bxc4 Bc5 34. Bd3 f6 35. Kf1 Kf7 36. Ke2 g6 37. Nb7 Be7 38. Ke3 Ke6 39. a5 Nc8 40. Kd4 f5 41. Bc4+ Kd7 42. Kd5 Nd6 43. Nc5+ Kc7 44. Bd3 Nb7 45. Ne6+ Kb8 46. a6 Nd8 47. Nd4 Kc7 48. h4 Kb6 49. h5 Bc5 50. f3 Be7 51. Bb5 Bf6 52. hxg6 hxg6 53. Bd3 Be7 54. Ne2 Bg5 55. g4 Bf6 56. gxf5 gxf5 57. Ng3 f4 58. Ne2 Bg5 59. Ke4 Kc5 60. Kf5 Bh6 61. Kg6 Bf8 62. Nxf4 Kd4 63. Nh5 Ne6 64. Kf7 Nc5 65. Kxf8 Nxd3 66. cxd3 Kxd3 67. Nf6 Kc3 68. Nd5+ Kxb3 69. f4 Kc4 70. Nxb4 1-0

[Event "New Delhi Parsvnath op 5th"]
[Site "New Delhi"]
[Date "2007.01.15"]
[Round "7"]
[White "Balasubramaniun, Ramanatha"]
[Black "Iuldachev, Saidali"]
[Result "0-1"]
[WhiteElo "2289"]
[BlackElo "2517"]
[PlyCount "32"]
[EventDate "2007.01.15"]
[EventType "swiss"]
[EventRounds "10"]
[EventCountry "IND"]
[SourceTitle "CBM 116 Extra"]
[Source "ChessBase"]
[SourceDate "2007.03.07"]
[SourceVersion "1"]
[SourceVersionDate "2007.03.07"]
[SourceQuality "1"]

1. Nf3 Nf6 2. b3 d5 3. Bb2 Bf5 4. e3 e6 5. Be2 h6 6. 0-0 Be7 7. d4 0-0 8. c4 Nbd7 9. Nc3 c6 10. Bd3 Bb4 11. Qc2 Bxd3 12. Qxd3 Re8 13. Rae1 Qe7 14. cxd5 exd5 15. Ne2 Bd2 16. Qxd2 Nf8 0-1

[Event "Tamil Nadu State-ch 54th"]
[Site "Chennai"]
[Date "2006.05.30"]
[Round "11"]
[White "Venkat, Sundaram"]
[Black "Balasubramaniun, Ramanatha"]
[Result "0-1"]
[WhiteElo "2113"]
[BlackElo "2328"]
[PlyCount "100"]
[EventDate "2006.05.20"]
[EventType "swiss"]
[EventRounds "11"]
[EventCountry "IND"]
[SourceTitle "EXT 2010"]
[Source "ChessBase"]
[SourceDate "2010.11.25"]
[SourceVersion "1"]
[SourceVersionDate "2010.11.25"]
[SourceQuality "1"]

1. e4 e5 2. Nf3 Nc6 3. Bb5 Nge7 4. c3 a6 5. Ba4 Ng6 6. d4 exd4 7. cxd4 Bb4+ 8. Nc3 0-0 9. 0-0 Bxc3 10. bxc3 d5 11. Bb3 Nce7 12. h3 b5 13. e5 f6 14. Re1 c6 15. exf6 gxf6 16. Bh6 Rf7 17. Qd2 Nf5 18. Bc2 Bd7 19. Re2 Re7 20. Rae1 Rxe2 21. Rxe2 Nxh6 22. Qxh6 Qf8 23. Qh5 Qf7 24. g3 Nf8 25. Qh6 Be6 26. Ne1 a5 27. Nd3 Bf5 28. Kg2 Be4+ 29. Rxe4 dxe4 30. Bb3 Ne6 31. Nf4 Re8 32. Nh5 Kh8 33. Qxf6+ Qxf6 34. Nxf6 Re7 35. Bc2 b4 36. d5 cxd5 37. Nxd5 Rd7 38. c4 Nc5 39. Kf1 Rb7 40. Nf6 a4 41. Nxe4 b3 42. axb3 axb3 43. Bb1 Nxe4 44. Bxe4 Re7 45. Bd3 b2 46. c5 Rc7 47. Ke2 Rxc5 48. Kf3 Rc3 49. Ke4 Rxd3 50. Kxd3 b1Q+ 0-1

[Event "Tamil Nadu State-ch 54th"]
[Site "Chennai"]
[Date "2006.05.29"]
[Round "10"]
[White "Balasubramaniun, Ramanatha"]
[Black "Pounraj, R."]
[Result "1-0"]
[WhiteElo "2328"]
[BlackElo "2189"]
[PlyCount "61"]
[EventDate "2006.05.20"]
[EventType "swiss"]
[EventRounds "11"]
[EventCountry "IND"]
[SourceTitle "EXT 2010"]
[Source "ChessBase"]
[SourceDate "2010.11.25"]
[SourceVersion "1"]
[SourceVersionDate "2010.11.25"]
[SourceQuality "1"]

1. Nf3 Nf6 2. g3 d6 3. d4 g6 4. Bg2 Bg7 5. 0-0 0-0 6. c4 c6 7. Nc3 Nbd7 8. e4 e5 9. h3 Qe7 10. d5 c5 11. Be3 h6 12. a3 a5 13. Nd2 Ne8 14. f4 f5 15. Qc2 exf4 16. gxf4 Ndf6 17. e5 dxe5 18. fxe5 Qxe5 19. Bxc5 Rf7 20. Rae1 Qc7 21. Bf2 Nd6 22. c5 Nde4 23. Ndxe4 Nxe4 24. Nxe4 fxe4 25. d6 Qd8 26. Qc4 Bf5 27. Bxe4 Bxh3 28. Be3 Bxf1 29. Rxf1 Bf6 30. Bxg6 Qd7 31. Rxf6 1-0

[Event "New Delhi Parsvnath op 4th"]
[Site "New Delhi"]
[Date "2006.01.20"]
[Round "8"]
[White "Balasubramaniun, Ramanatha"]
[Black "Sundararajan, Kidambi"]
[Result "1/2-1/2"]
[WhiteElo "2322"]
[BlackElo "2495"]
[PlyCount "108"]
[EventDate "2006.01.15"]
[EventType "swiss"]
[EventRounds "10"]
[EventCountry "IND"]
[SourceTitle "CBM 110 Extra"]
[Source "ChessBase"]
[SourceDate "2006.03.10"]
[SourceVersion "2"]
[SourceVersionDate "2006.03.10"]
[SourceQuality "1"]

1. Nf3 c5 2. c4 Nc6 3. g3 g6 4. Bg2 Bg7 5. Nc3 e5 6. 0-0 Nge7 7. a3 0-0 8. d3 d6 9. Rb1 a5 10. b3 f5 11. Bb2 h6 12. Nd2 g5 13. Nd5 Nxd5 14. Bxd5+ Kh8 15. f4 Ne7 16. Bg2 gxf4 17. gxf4 Ng6 18. e3 Qe7 19. Qh5 Nh4 20. Bd5 Bd7 21. Nf3 Nxf3+ 22. Qxf3 Rac8 23. Kh1 exf4 24. Qxf4 Bxb2 25. Rxb2 Rf6 26. Rg2 Be6 27. Rfg1 Bxd5 28. cxd5 Qf7 29. Qg3 f4 30. exf4 Rxf4 31. h3 Rf8 32. Kh2 Qf6 33. Re1 Rf2 34. Re2 Rxg2+ 35. Rxg2 Kh7 36. Re2 Rg8 37. Qe3 Qg5 38. Qxg5 Rxg5 39. Re7+ Kg8 40. Rxb7 Rxd5 41. b4 cxb4 42. axb4 axb4 43. Rxb4 Rxd3 44. Rb7 Rf3 45. Rd7 Rf6 46. Kg3 Kf8 47. Kg4 Ke8 48. Rh7 d5 49. Ra7 d4 50. Ra4 Rd6 51. Kf3 Ke7 52. Ke2 Kf6 53. Ra5 Kg6 54. Kd3 Kf6 1/2-1/2

[Event "New Delhi Parsvnath op 4th"]
[Site "New Delhi"]
[Date "2006.01.18"]
[Round "6"]
[White "Raetsky, Alexander"]
[Black "Balasubramaniun, Ramanatha"]
[Result "1-0"]
[WhiteElo "2431"]
[BlackElo "2322"]
[PlyCount "67"]
[EventDate "2006.01.15"]
[EventType "swiss"]
[EventRounds "10"]
[EventCountry "IND"]
[SourceTitle "CBM 110 Extra"]
[Source "ChessBase"]
[SourceDate "2006.03.10"]
[SourceVersion "2"]
[SourceVersionDate "2006.03.10"]
[SourceQuality "1"]

1. d4 d5 2. c4 e6 3. Nf3 Nf6 4. g3 Be7 5. Bg2 0-0 6. 0-0 b6 7. cxd5 exd5 8. Nc3 Bb7 9. Ne5 Nbd7 10. Qa4 Nb8 11. Bg5 c6 12. Rad1 b5 13. Qc2 Nbd7 14. Nxd7 Qxd7 15. e4 Rad8 16. e5 Nh5 17. Bxe7 Qxe7 18. f4 g6 19. f5 gxf5 20. Rxf5 Ng7 21. Rf6 c5 22. Rh6 f5 23. dxc5 Qxe5 24. Qe2 Qc7 25. b4 Rfe8 26. Qf2 Re5 27. Nxb5 Qe7 28. Nd4 Re8 29. h3 Kh8 30. Kh2 Qf7 31. Rd2 Qc7 32. Qf4 Qf7 33. Nf3 Re4 34. Ng5 1-0

[Event "New Delhi Parsvnath op 4th"]
[Site "New Delhi"]
[Date "2006.01.16"]
[Round "3"]
[White "Balasubramaniun, Ramanatha"]
[Black "Vijayalakshmi, Subbaraman"]
[Result "1/2-1/2"]
[WhiteElo "2322"]
[BlackElo "2479"]
[PlyCount "61"]
[EventDate "2006.01.15"]
[EventType "swiss"]
[EventRounds "10"]
[EventCountry "IND"]
[SourceTitle "CBM 110 Extra"]
[Source "ChessBase"]
[SourceDate "2006.03.10"]
[SourceVersion "2"]
[SourceVersionDate "2006.03.10"]
[SourceQuality "1"]

1. Nf3 Nf6 2. g3 b6 3. Bg2 Bb7 4. 0-0 e6 5. c4 c5 6. Nc3 a6 7. d3 d6 8. a3 Be7 9. b4 cxb4 10. axb4 0-0 11. Qb3 Qc7 12. Bf4 Nbd7 13. e4 Rfc8 14. Rfc1 Ne5 15. Na4 Nfd7 16. h3 Bf6 17. Nxe5 Bxe5 18. Bxe5 dxe5 19. Qb2 a5 20. bxa5 Rxa5 21. Nc3 Rca8 22. Rxa5 Rxa5 23. Nb5 Qb8 24. d4 h6 25. dxe5 Nxe5 26. Qd4 Bc6 27. Nd6 Nd7 28. Rd1 Qa8 29. Nb5 Ra4 30. Nc3 Ra7 31. Nb5 1/2-1/2

[Event "Piloo Mody op"]
[Site "Lucknow"]
[Date "2004.10.03"]
[Round "3"]
[White "Balasubramaniun, Ramanatha"]
[Black "Bakre, Tejas"]
[Result "1/2-1/2"]
[WhiteElo "2391"]
[BlackElo "2492"]
[PlyCount "31"]
[EventDate "2004.10.01"]
[EventType "swiss"]
[EventRounds "9"]
[EventCountry "IND"]
[SourceTitle "CBM 102 Extra"]
[Source "ChessBase"]
[SourceDate "2004.11.03"]
[SourceVersion "1"]
[SourceVersionDate "2004.11.03"]
[SourceQuality "1"]

1. Nf3 c5 2. g3 Nc6 3. Bg2 g6 4. d4 cxd4 5. Nxd4 Bg7 6. c3 Nf6 7. 0-0 0-0 8. e4 Ne8 9. Be3 Nc7 10. Na3 d6 11. f4 d5 12. Ndb5 Nxb5 13. Nxb5 dxe4 14. Bxe4 Bh3 15. Qxd8 Raxd8 16. Rfd1 1/2-1/2

[Event "Commonwealth-ch"]
[Site "Mumbai"]
[Date "2003.04.25"]
[Round "8"]
[White "Balasubramaniun, Ramanatha"]
[Black "Shetty, Rahul"]
[Result "0-1"]
[WhiteElo "2325"]
[BlackElo "2387"]
[PlyCount "59"]
[EventDate "2003.04.20"]
[EventType "swiss"]
[EventRounds "10"]
[EventCountry "IND"]
[SourceTitle "CBM 093 Extra"]
[Source "ChessBase"]
[SourceDate "2003.05.09"]
[SourceVersion "1"]
[SourceVersionDate "2003.05.09"]
[SourceQuality "1"]

1. Nf3 d5 2. g3 Bg4 3. Bg2 Nd7 4. d3 c6 5. Nbd2 e5 6. 0-0 Bd6 7. e4 Ne7 8. c3 0-0 9. h3 Bh5 10. Re1 f6 11. Nf1 a5 12. Qc2 a4 13. g4 Bf7 14. Ng3 Nc5 15. Be3 dxe4 16. Nxe4 Nxe4 17. dxe4 Qa5 18. Bf1 Bc5 19. Nd2 Bxe3 20. Rxe3 Qc5 21. a3 Ng6 22. c4 Nf4 23. Nf3 Ra5 24. Ne1 Qa7 25. Rc1 h6 26. Rg3 b6 27. Re3 c5 28. Qc3 Qb7 29. Qd4 cxd4 30. Bd3 0-1

[Event "Commonwealth-ch"]
[Site "Mumbai"]
[Date "2003.04.22"]
[Round "4"]
[White "Balasubramaniun, Ramanatha"]
[Black "Sandipan, Chanda"]
[Result "0-1"]
[WhiteElo "2325"]
[BlackElo "2478"]
[PlyCount "52"]
[EventDate "2003.04.20"]
[EventType "swiss"]
[EventRounds "10"]
[EventCountry "IND"]
[SourceTitle "CBM 093 Extra"]
[Source "ChessBase"]
[SourceDate "2003.05.09"]
[SourceVersion "1"]
[SourceVersionDate "2003.05.09"]
[SourceQuality "1"]

1. Nf3 d5 2. g3 Nf6 3. Bg2 e6 4. d3 Be7 5. 0-0 0-0 6. Nbd2 c5 7. e4 Nc6 8. Re1 b5 9. c3 Rb8 10. Qc2 b4 11. Nf1 bxc3 12. bxc3 d4 13. Bf4 Rb6 14. Ne5 Nxe5 15. Bxe5 Nd7 16. cxd4 Nxe5 17. dxe5 Ba6 18. Red1 Qd4 19. Rab1 Rfb8 20. Rxb6 Rxb6 21. Rd2 Bg5 22. Ne3 Bxe3 23. fxe3 Qxe3+ 24. Kf1 c4 25. Rd1 cxd3 26. Qf2 Qe2+ 0-1

[Event "Commonwealth-ch"]
[Site "Mumbai"]
[Date "2003.04.21"]
[Round "2"]
[White "Balasubramaniun, Ramanatha"]
[Black "Bakre, Tejas"]
[Result "1-0"]
[WhiteElo "2325"]
[BlackElo "2471"]
[PlyCount "77"]
[EventDate "2003.04.20"]
[EventType "swiss"]
[EventRounds "10"]
[EventCountry "IND"]
[SourceTitle "CBM 093 Extra"]
[Source "ChessBase"]
[SourceDate "2003.05.09"]
[SourceVersion "1"]
[SourceVersionDate "2003.05.09"]
[SourceQuality "1"]

1. Nf3 c5 2. g3 Nc6 3. Bg2 g6 4. d3 Bg7 5. 0-0 d6 6. c4 Nh6 7. Nc3 Nf5 8. e4 Nfd4 9. Nxd4 Nxd4 10. Ne2 Bg4 11. f3 Bd7 12. Be3 b5 13. cxb5 Bxb5 14. Nxd4 cxd4 15. Bf2 Qa5 16. a4 Bd7 17. Be1 Qb6 18. b4 0-0 19. Bd2 Rac8 20. Qb3 Be6 21. Qb2 d5 22. Rfc1 dxe4 23. fxe4 Rc3 24. a5 Rxc1+ 25. Rxc1 Qb5 26. Bf1 f5 27. Rc5 Qd7 28. e5 h6 29. Qc1 f4 30. gxf4 Bh3 31. Qc4+ Kh7 32. e6 Bxe6 33. Rc7 Qd8 34. Qc5 Rf7 35. Kg2 a6 36. b5 axb5 37. a6 Rf5 38. Qxe7 Qxe7 39. Rxe7 1-0

[Event "IND-chT"]
[Site "Chennai"]
[Date "2000.??.??"]
[Round "5"]
[White "Gokhale, Chandrashekhar"]
[Black "Balasubramaniun, Ramanatha"]
[Result "1/2-1/2"]
[WhiteElo "2378"]
[BlackElo "2276"]
[PlyCount "41"]
[EventDate "2000.??.??"]
[EventType "team"]
[EventRounds "6"]
[EventCountry "IND"]
[SourceTitle "EXT 2001"]
[Source "ChessBase"]
[SourceDate "2000.11.22"]
[SourceVersion "1"]
[SourceVersionDate "2000.11.22"]
[SourceQuality "1"]

1. Nf3 Nf6 2. c4 e6 3. Nc3 b6 4. g3 Bb7 5. Bg2 c5 6. 0-0 Be7 7. b3 0-0 8. Bb2 d6 9. d4 Nbd7 10. Rc1 a6 11. Re1 b5 12. dxc5 dxc5 13. cxb5 axb5 14. a4 bxa4 15. Nxa4 Ra5 16. Nd2 Bxg2 17. Kxg2 Qb8 18. Kg1 Rb5 19. e4 Ne5 20. Qe2 Nfd7 21. Red1 1/2-1/2

[Event "IND-chT"]
[Site "Chennai"]
[Date "2000.??.??"]
[Round "1"]
[White "Sudhakar, KVS"]
[Black "Balasubramaniun, Ramanatha"]
[Result "0-1"]
[WhiteElo "2175"]
[BlackElo "2276"]
[PlyCount "50"]
[EventDate "2000.??.??"]
[EventType "team"]
[EventRounds "6"]
[EventCountry "IND"]
[SourceTitle "EXT 2001"]
[Source "ChessBase"]
[SourceDate "2000.11.22"]
[SourceVersion "1"]
[SourceVersionDate "2000.11.22"]
[SourceQuality "1"]

1. e4 e5 2. Nf3 Nc6 3. d3 Nf6 4. Nc3 Bc5 5. Nh4 d5 6. Bg5 dxe4 7. Nxe4 Nxe4 8. dxe4 Qxg5 9. Nf3 Qe7 10. Bd3 0-0 11. 0-0 Bg4 12. Be2 Rad8 13. Qe1 Bxf3 14. Bxf3 Qg5 15. c3 Rd2 16. Rb1 Rfd8 17. Qc1 Qf4 18. b4 Bb6 19. Rb2 Rxb2 20. Qxb2 Rd2 21. Qc1 g5 22. h3 Qg3 23. Qe1 Qf4 24. a4 a5 25. g3 Qxg3+ 0-1

[Event "T Nagar FIDE"]
[Site "Chennai"]
[Date "1999.11.19"]
[Round "7"]
[White "Balasubramaniun, Ramanatha"]
[Black "Syed Anwar, Shazuli"]
[Result "1/2-1/2"]
[WhiteElo "2249"]
[BlackElo "2209"]
[PlyCount "49"]
[EventDate "1999.11.15"]
[EventType "swiss"]
[EventRounds "9"]
[EventCountry "IND"]
[SourceTitle "EXT 2002"]
[Source "ChessBase"]
[SourceDate "2001.11.25"]
[SourceVersion "1"]
[SourceVersionDate "2001.11.25"]
[SourceQuality "1"]

1. e4 c6 2. d4 d5 3. Nd2 dxe4 4. Nxe4 Bf5 5. Ng3 Bg6 6. Nf3 Nd7 7. h4 h6 8. h5 Bh7 9. Bd3 Bxd3 10. Qxd3 e6 11. Bd2 Qc7 12. 0-0-0 Ngf6 13. c4 Bd6 14. Ne4 Nxe4 15. Qxe4 Nf6 16. Qe2 0-0-0 17. Rh4 c5 18. Kb1 b6 19. Bc3 Kb7 20. d5 Rhe8 21. Bxf6 gxf6 22. Qd2 Bf8 23. Re4 Rd6 24. Re3 Red8 25. Rd3 1/2-1/2

[Event "Kolkata op2"]
[Site "Kolkata"]
[Date "1994.??.??"]
[Round "?"]
[White "Balasubramaniun, Ramanatha"]
[Black "Suvrajit, Saha"]
[Result "0-1"]
[WhiteElo "2265"]
[BlackElo "2320"]
[PlyCount "156"]
[EventDate "1994.??.??"]
[EventType "swiss"]
[EventRounds "11"]
[EventCountry "IND"]
[SourceTitle "EXT 1997"]
[Source "ChessBase"]
[SourceDate "1996.11.15"]
[SourceVersion "1"]
[SourceVersionDate "1996.11.15"]
[SourceQuality "1"]

1. e4 c5 2. Nf3 d6 3. d4 cxd4 4. Nxd4 Nf6 5. Nc3 a6 6. Be2 e5 7. Nb3 Be7 8. 0-0 0-0 9. Be3 Qc7 10. f4 b5 11. a3 Bb7 12. Bd3 Nbd7 13. Kh1 Rfe8 14. Qf3 Nc5 15. fxe5 dxe5 16. Nxc5 Bxc5 17. Bg5 Re6 18. Qg3 Nh5 19. Qg4 Nf4 20. Bxf4 exf4 21. Nd5 Bxd5 22. exd5 Rh6 23. h3 Be3 24. Rad1 Rd8 25. b3 Qc3 26. Be4 Rhd6 27. Qf3 g6 28. Qe2 Re8 29. Bf3 Rc8 30. Be4 f5 31. Bd3 Kh8 32. g3 Rxd5 33. gxf4 Re8 34. Rf3 Qc6 35. Qg2 Rd6 36. Re1 Rde6 37. Rff1 Qd6 38. a4 bxa4 39. bxa4 Bxf4 40. Rd1 Qc7 41. Rb1 Re3 42. Rf3 R3e6 43. Qf1 Bd2 44. Qg2 Bc3 45. Rff1 Qa5 46. Bc4 Re3 47. Rb7 Qxa4 48. Rg1 Bg7 49. Bf1 Qh4 50. Ra7 Bd4 51. Ra8 Rxh3+ 52. Qxh3 Qxh3+ 53. Bxh3 Rxa8 54. Rd1 Bc3 55. Rd7 Rc8 56. Bg2 a5 57. Bd5 Bb4 58. Bb3 Re8 59. c4 Re7 60. Rd8+ Kg7 61. Rc8 Kf6 62. c5 Ke5 63. c6 Kf4 64. Rd8 g5 65. Kg2 g4 66. Rd4+ Kg5 67. Rc4 Bd6 68. Rd4 Bc7 69. Rd5 h5 70. Kf1 h4 71. Bc2 Rf7 72. Rd4 h3 73. Rc4 Kh4 74. Kg1 Bb6+ 75. Kh2 Re7 76. Bd3 Bc7+ 77. Kg1 Re1+ 78. Kf2 Bg3# 0-1